Le siècle d´or de la miniature flamande (Record no. 7646)
[ view plain ]
| 000 -CABECERA | |
|---|---|
| campo de control de longitud fija | 01089nam a2200253 a 4500 |
| 001 - NÚMERO DE CONTROL | |
| campo de control | BRCA_7977 |
| 005 - FECHA Y HORA DE LA ÚLTIMA TRANSACCIÓN | |
| campo de control | 20190320210059.0 |
| 008 - DATOS DE LONGITUD FIJA--INFORMACIÓN GENERAL | |
| campo de control de longitud fija | 110314s1959----fr-a###f##---#001-0#fre-# |
| 041 ## - CÓDIGO DE LENGUA | |
| Código de lengua del texto/banda sonora o título independiente | fre |
| 044 ## - CÓDIGO DEL PAÍS DE LA ENTIDAD EDITORA/PRODUCTORA | |
| Código MARC del país | fr |
| 050 #4 - SIGNATURA TOPOGRÁFICA DE LA BIBLIOTECA DEL CONGRESO | |
| Número de clasificación | ND3171 |
| Número de documento/Ítem | .M56 |
| -- | 1959 |
| 245 10 - MENCIÓN DE TÍTULO | |
| Título | Le siècle d´or de la miniature flamande |
| Resto del título | le mècènat de Philippe Le Bon |
| Mención de responsabilidad, etc. | Bibliothèque Nationale. |
| 260 ## - PUBLICACIÓN, DISTRIBUCIÓN, ETC. | |
| Lugar de publicación, distribución, etc. | Paris |
| Nombre del editor, distribuidor, etc. | Bibliothèque Nationale |
| Fecha de publicación, distribución, etc. | 1959 |
| 300 ## - DESCRIPCIÓN FÍSICA | |
| Extensión | 204 p. |
| Otras características físicas | il., (algunas a color) 64 láminas |
| Dimensiones | 25 cm. |
| 500 ## - NOTA GENERAL | |
| Nota general | Exposition organisee a l´ocasion du 400e. anniversaire de la fondation de la Bibliotèque Royale de Philippe II, a Bruxelles le avril 1559; Palais des beaux-arts, Bruxelles, avril-mai-juin 1959 |
| 500 ## - NOTA GENERAL | |
| Nota general | Tres ejemplares idénticos e independientes inventariados como un sólo libro por el Banco de México |
| 500 ## - NOTA GENERAL | |
| Nota general | X3 |
| 600 14 - PUNTO DE ACCESO ADICIONAL DE MATERIA--NOMBRE DE PERSONA | |
| Nombre de persona | Le Bon Philippe |
| Títulos y otros términos asociados al nombre | Philippe II |
| Fechas asociadas al nombre | 1396-1467 |
| 9 (RLIN) | 19779 |
| 650 14 - PUNTO DE ACCESO ADICIONAL DE MATERIA--TÉRMINO DE MATERIA | |
| Término de materia o nombre geográfico como elemento de entrada | Pintura flamenca |
| Subdivisión de forma | Exposiciones |
| Subdivisión geográfica | Bélgica |
| 9 (RLIN) | 19780 |
| 650 14 - PUNTO DE ACCESO ADICIONAL DE MATERIA--TÉRMINO DE MATERIA | |
| Término de materia o nombre geográfico como elemento de entrada | Arte flamenco |
| Subdivisión de forma | Artistas |
| Subdivisión geográfica | Bélgica |
| 9 (RLIN) | 19781 |
| 710 2# - PUNTO DE ACCESO ADICIONAL--NOMBRE DE ENTIDAD CORPORATIVA | |
| Nombre de entidad corporativa o nombre de jurisdicción como elemento de entrada | Bibliotèque Nationale |
| 9 (RLIN) | 19782 |
| 902 ## - CATALOGADOR | |
| Iniciales | GFM |
| 942 ## - ELEMENTOS DE PUNTO DE ACCESO ADICIONAL (KOHA) | |
| Fuente del sistema de clasificación o colocación | Library of Congress Classification |
| Tipo de ítem Koha | Libros |
| Estado de retiro | Estado de pérdida | Estado dañado | No para préstamo | Localización permanente | Ubicación/localización actual | Fecha de adquisición | Número de inventario | Total de préstamos | Signatura topográfica completa | Código de barras | Fecha visto por última vez | Precio válido a partir de | Tipo de ítem Koha |
|---|---|---|---|---|---|---|---|---|---|---|---|---|---|
| El ejemplar forma parte de la colección y puede ser consultado según las políticas vigentes. | Biblioteca del Museo Franz Mayer (Rogerio Casas-Alatriste) | Biblioteca del Museo Franz Mayer (Rogerio Casas-Alatriste) | 11/03/2014 | X3 | ND3171 .M56 1959 (X3) | 8588 | 22/03/2019 | 22/03/2019 | Libros |